书目信息 |
| 题名: |
人类的故事
|
|
| 作者: | 房龙 著 ;周炎 译 | |
| 分册: | ||
| 出版信息: | 北京 中国档案出版社 2001 |
|
| 页数: | 447页 | |
| 开本: | 21cm | |
| 丛书名: | ||
| 单 册: | ||
| 中图分类: | K1-49 | |
| 科图分类: | ||
| 主题词: | 世界史--普及读物 | |
| 电子资源: | ||
| ISBN: | 7-80166-040-4 | |
| 000 | 00574nam0 2200205 45 | |
| 001 | 0109261467 | |
| 005 | 20041208104058.6 | |
| 010 | @a7-80166-040-4@dCNY26.00 | |
| 100 | @a20010926d2001 km y0chiy0120 ea | |
| 101 | 0 | @achi |
| 105 | @a z 000yy | |
| 200 | 1 | @a人类的故事@ARen Lei De Gu Shi@f(美)房龙著@F(Mei)Fang Long Zhu@g周炎译 |
| 210 | @a北京@c中国档案出版社@d2001 | |
| 215 | @a447页@d21cm | |
| 606 | 0 | @a世界史@x普及读物 |
| 690 | @aK1-49@v4 | |
| 701 | @a房龙@4著 | |
| 702 | 0 | @a周炎@AZhou Yan@4译 |
| 801 | @aCN@bTSTC@c20011014 | |
| 905 | @b315646-650@dK1-49@e92-2@f5 | |
| 人类的故事/(美)房龙著/周炎译.-北京:中国档案出版社,2001 |
| 447页;21cm |
| ISBN 7-80166-040-4:CNY26.00 |
| ● |
| 相关链接 |
|
|
|
|
正题名:人类的故事
索取号:K1-49/92-2
 
预约/预借
| 序号 | 登录号 | 条形码 | 馆藏地/架位号 | 状态 | 备注 |
| 1 | 0315646 | 203156468 | 第二借阅区/ [索取号:K1-49/92-2] | 在馆 | |
| 2 | 0315647 | 203156477 | 第二借阅区/ [索取号:K1-49/92-2] | 在馆 | |
| 3 | 0315648 | 203156486 | 第二借阅区/ [索取号:K1-49/92-2] | 在馆 | |
| 4 | 0315649 | 203156495 | 第二借阅区/ [索取号:K1-49/92-2] | 在馆 | |
| 5 | 0315650 | 203156501 | 第二样本阅览室/ [索取号:K1-49/92-2] | 在馆 |